000 00664nam a2200289Ia 4500
005 20260324150523.0
008 008 260324s9999 xx 000 0 eng d
020 _a9781315130521
037 _aEBOOK
040 _aCRL
040 _beng
040 _cCRL
041 _2eng
041 _aeng
084 _qCRL
100 _aOrrin E. Klapp
_91162196
245 0 _aSymbolic Leaders
245 0 _bPublic Dramas and Public Men
260 _bTaylor and Francis
260 _c1964
365 _a
365 _b230
856 _uhttp://www.taylorfrancis.com/books/9781315130521
942 _cEBOOK
999 _c1836286
_d1836286